Las familias /
Análisis exhaustivo de la complejidad y diversidad de las estructuras familiares en la sociedad contemporánea. La autora examina cómo las familias se han transformado a lo largo del tiempo, adaptándose a cambios sociales, económicos y culturales. Desde un enfoque multidisciplinario, Meler aborda tem...
Guardat en:
| Autor principal: | |
|---|---|
| Format: | Text |
| Idioma: | Spanish |
| Matèries: | |
| Etiquetes: |
Afegir etiqueta
Sense etiquetes, Sigues el primer a etiquetar aquest registre!
|
MARC
| LEADER | 00000 a a2200000 04500 | ||
|---|---|---|---|
| 001 | 44916 | ||
| 003 | cru CIDCACS/IIS | ||
| 005 | 20240116115832.0 | ||
| 008 | 230922b ag ||||| |||| 00| 0 spa d | ||
| 040 | |a cru CIDCACS/IIS |c cru CIDCACS/IIS | ||
| 100 | |a Meler, Irene | ||
| 245 | |a Las familias / |c Irene Meler | ||
| 300 | |a paginación irregular | ||
| 520 | |a Análisis exhaustivo de la complejidad y diversidad de las estructuras familiares en la sociedad contemporánea. La autora examina cómo las familias se han transformado a lo largo del tiempo, adaptándose a cambios sociales, económicos y culturales. Desde un enfoque multidisciplinario, Meler aborda temas como la evolución de los roles de género en la familia, las dinámicas intergeneracionales, los desafíos contemporáneos que enfrentan las familias y la influencia de las políticas públicas en su configuración. El análisis incluye un examen crítico de la diversidad familiar, reconociendo diferentes estructuras familiares, modelos de convivencia y formas de parentalidad. Meler también destaca la importancia de comprender las dimensiones culturales y socioeconómicas que influyen en la dinámica familiar, así como el papel crucial de la familia en la socialización y el bienestar de sus miembros. RAR 01/2024 | ||
| 650 | 0 | |a ESTRUCTURA DE LA FAMILIA |2 UNESCO |9 4734 | |
| 650 | 0 | |a ROLES DE LOS GENEROS |2 UNESCO |9 5169 | |
| 650 | 0 | |a DINAMICA FAMILIAR |2 OCDE |9 7923 | |
| 650 | 0 | |a CAMBIOS SOCIALES |2 UNESCO |9 7123 | |
| 650 | 0 | |a DIVERSIDAD CULTURAL |2 UNESCO |9 11642 | |
| 650 | 0 | |a POLITICAS PUBLICAS |2 OCDE |9 3784 | |
| 650 | 0 | |a ECONOMIA DOMESTICA |2 UNESCO |9 4037 | |
| 650 | 0 | |a BIENESTAR DE LA FAMILIA |2 OCDE |9 7323 | |
| 650 | 0 | |a FAMILIA |2 OCDE |9 91 | |
| 650 | 0 | |a POLITICA SOCIAL |2 OCDE |9 289 | |
| 650 | 0 | |a INCLUSION SOCIAL |2 OCDE |9 11594 | |
| 650 | 0 | |a DESARROLLO SOSTENIBLE |2 OCDE |9 2049 | |
| 773 | |g sin paginar | ||
| 773 | 0 | |0 5460 |9 9782 |a Meler, Irene |d Costa Rica : sin editorial |o 07437 |t Mujeres y varones. Subjetividad, salud mental y malestar emocional en las familias y el trabajo: |w (cru CIDCACS/IIS)44912 |x [sin ISBN] |z [sin ISBN] | |
| 942 | |2 z |c LITG | ||
| 999 | |c 38230 |d 38230 | ||
